00574nam a2200169Ia 4500001000900000003000500009008004100014010001100055040000900066100003200075245016500107260002400272300001000296650002700306700003600333700003500369Para_204CHAP220125s1992 xx 000 0 und d a198806 cCHAP aRamírez Martínez, Mario aProstephanus truncatus (Horn.) peligro potencial en granos almacenados /c por Mario Ramirez Martínez, Rosario Zurbia Flores Rico y Ernesto Moreno Martínez aMéxico :b ANDSA a36 p. aProstephanus truncatus aI. Zurbia Flores Rico, Rosario  aII. Moreno Martínez, Ernesto